The Dictator Files: Chun Doo-Hwan - Statistics

General Stats
  • This quiz has been taken 11 times
  • The average score is 6 of 20
Answer Stats
Hint Answer % Correct
He fought in this war in the early 1970s Vietnam War
73%
During his dictatorship, he managed to maintain Economic _________ Stability
55%
In addition, he managed to obtain the country's first ever trade _______ in 1986 Surplus
45%
In 1981, South Korea was chosen to host this sporting event in 1988 The Olympics
45%
How much money, in South Korean won, did Chun owe to the government 220 Billion Won
27%
He became de-facto leader of the country in this coup December 12th Coup
27%
In this South Korean city, citizens protested his dictatorship. In response, Chun brutally repressed the protests leading to a civilian massacre Gwangju
27%
Name of the secret military club that was formed by him. Hanahoe
27%
With his term limit almost expired, thousands of South Korean citizens protested for democratic rule in this event June Democracy Movement
27%
Former South Korean president whose patronage of Chun allowed him to gain power after he was assassinated in 1979 Park Chung-hee
27%
In 1983, he was almost killed in this Southeast Asian city by North Korean assassins Rangoon
27%
After winning a rigged election in 1981, he declared that his term would be this long Seven Years
27%
Name of the buddhist temple that Chun retired to until 1990 Baekdamsa
18%
Political party that was formed with him as the leader Democratic Justice Party
18%
However, he was released in 1997 due to the advice of this incoming president Kim Dae-jung
18%
In 1993, this South Korean president arrested him under charges of corruption and for his abuses of power Kim Young-sam
18%
He expanded martial law to encompass all of South Korea in this event May 17th Coup
18%
He caved into the citizen's demands and ordered a direct election of the next president. With the opposition split, this former general loyal to Chun won the presidency Roh Tae-woo
18%
Name of the concentration camp that was operational from 1980-1981 that was set up to punish dissidents in the above protests Samchung Concentration Camp
18%
Name of the previous constitution that he replaced. Yushin Constitution
18%
No matching quizzes found
Score Distribution
Percent of People with Each Score
Percentile by Number Answered
Your Score History
You have not taken this quiz